Statistics for Oklahoma City Thunder Top 10 Leaders

Click here to take the quiz!

General Stats

  • This quiz has been taken 191 times
    (145 since last reset)
  • The average score is 8 of 22

Answer Stats

Player% Correct
Russell Westbrook
99%
Kevin Durant
99%
Gary Payton
86%
Shawn Kemp
80%
Steven Adams
76%
Serge Ibaka
75%
Jack Sikma
44%
Nick Collison
40%
Gus Williams
34%
Dale Ellis
27%
Rashard Lewis
27%
Nate McMillan
22%
Fred Brown
21%
Xavier McDaniel
21%
Spencer Haywood
20%
Lenny Wilkens
18%
Slick Watts
11%
Michael Cage
11%
Luke Ridnour
8%
Derrick McKey
8%
Alton Lister
6%
Tom Burleson
3%

Score Distribution

Percentile by Number Answered

Percent of People with Each Score

Your Score History

You have not taken this quiz since the last reset